Normal view
MARC view
Entry Personal Name
001 - CONTROL NUMBER
- control field: 52945
003 - CONTROL NUMBER IDENTIFIER
- control field: dpl
005 - DATE AND TIME OF LATEST TRANSACTION
- control field: 20121008121822.0
008 - FIXED-LENGTH DATA ELEMENTS
- fixed length control field: 121008|||a|||||| | ||| d
040 ## - CATALOGING SOURCE
- Original cataloging agency: dpl
- Transcribing agency: dpl
100 ## - HEADING--PERSONAL NAME
- Personal name: Nishi Rani
670 ## - SOURCE DATA FOUND
- Source citation: Work cat.: (dpl): Shrivastava, Jaya Prakash 52944, Introduction to ore microscopy /, 2012
670 ## - SOURCE DATA FOUND
- Source citation: Work cat.: (dpl): Shrivastava, Jaya Prakash 52944, Introduction to ore microscopy /, 2012
